|
|
|
|
| LEADER |
01311nam a22002777a 4500 |
| 001 |
41410 |
| 003 |
BD-DhAAL |
| 005 |
20230829154424.0 |
| 008 |
230828t2000 bg ||||| |||| 00| 0 ben d |
| 020 |
|
|
|a 9843109864
|
| 040 |
|
|
|a BD-DhAAL
|d BD-DhAAL
|
| 082 |
|
|
|2 23
|a 004
|
| 100 |
|
|
|a শফীউল্লাহ্, এম.
|9 55421
|
| 245 |
|
|
|a তথ্য, তথ্যায়ন ও তথ্য প্রযুক্তি /
|c এম. শফীউল্লাহ্.
|
| 246 |
|
|
|a Tathya, tathayan-0-tathya projukti
|
| 260 |
|
|
|a ঢাকা :
|b বুক ওয়াল্ড,
|c ২০০০.
|
| 300 |
|
|
|a ৮০ পৃষ্ঠা ;
|c ১৮ সে.মি.
|
| 504 |
|
|
|a গ্রন্থপঞ্জিগত নির্দেশিকা অন্তভূক্ত।
|
| 541 |
|
|
|a RS campus, Saver.
|e 41410
|
| 650 |
|
|
|a Information technology.
|9 55422
|
| 650 |
|
|
|a Management information systems.
|
| 650 |
|
|
|a Computers.
|
| 852 |
|
|
|a Savar Campus Library
|c General Stacks
|
| 942 |
|
|
|2 ddc
|c BK
|
| 999 |
|
|
|c 46115
|d 46115
|
| 952 |
|
|
|0 0
|1 0
|2 ddc
|4 0
|6 004_000000000000000_SHO
|7 0
|9 74297
|a SCL
|b SCL
|c GEN
|d 2023-08-28
|l 0
|o 004 SHO
|p 3020041410
|r 2023-08-28
|t 1
|w 2023-08-28
|y BK
|x As directed by University librarian (30.05.2023), the accession of this book has been renewed. Previous Accession no of TARC, Savar: 4130
|